| 000 | 00691nam a2200229 a 4500 | ||
|---|---|---|---|
| 005 | 20210219153130.0 | ||
| 008 | 991125n 000 0 spa u | ||
| 035 | _aUPN01000079354 | ||
| 100 | 1 | _aPsacharopoulos, George | |
| 222 | _aREVISTA COLOMBIANA DE EDUCACION | ||
| 245 | _aEl financiamiento de la educación en los países en desarrollo : opciones de política | ||
| 300 | _a145-152 | ||
| 362 | 0 | _a1988 No. 19, ene.-jun. | |
| 653 | 0 | _aEDUCACION PRIMARIA | |
| 653 | 0 | _aEDUCACION PUBLICA | |
| 653 | 0 | _aEDUCACION SUPERIOR | |
| 653 | 0 | _aFINANCIAMIENTO EDUCATIVO | |
| 653 | 0 | _aPAISES EN DESARROLLO | |
| 653 | 0 | _aPOLITICA EDUCATIVA | |
| 904 |
_aAC _b017165 |
||
| 905 | _aArticulo | ||
| 999 |
_c69030 _d69030 |
||